Guinea pig B : the 56 year experiment (Record no. 240235)
[ view plain ]
| 000 -LEADER | |
|---|---|
| fixed length control field | 00456nam a2200157Ia 4500 |
| 005 - DATE AND TIME OF LATEST TRANSACTION | |
| control field | 20241120175220.0 |
| 008 - FIXED-LENGTH DATA ELEMENTS--GENERAL INFORMATION | |
| fixed length control field | 231221s9999 xx 000 0 und d |
| 020 ## - INTERNATIONAL STANDARD BOOK NUMBER | |
| International Standard Book Number | 9780974060507 |
| 082 ## - DEWEY DECIMAL CLASSIFICATION NUMBER | |
| Classification number | 620.0092 FUL;1 R |
| 100 ## - MAIN ENTRY--PERSONAL NAME | |
| Personal name | Fuller, R. Buckminster. Snyder, Allegra Fuller. |
| 245 #0 - TITLE STATEMENT | |
| Title | Guinea pig B : the 56 year experiment |
| 260 ## - PUBLICATION, DISTRIBUTION, ETC. (IMPRINT) | |
| Date of publication, distribution, etc. | 1983 |
| Name of publisher, distributor, etc. | Critical Path Publishing |
| Place of publication, distribution, etc. | California |
| 300 ## - PHYSICAL DESCRIPTION | |
| Extent | 43 |
| 650 ## - SUBJECT ADDED ENTRY--TOPICAL TERM | |
| Topical term or geographic name as entry element | Golden,oak,furniture |
| 942 ## - ADDED ENTRY ELEMENTS (KOHA) | |
| Koha item type | Arch Books |
| Date last seen | Total Checkouts | Full call number | Accession number | Cost, replacement price | Price effective from | Category | Lost status | Source of classification or shelving scheme | Damaged status | Department | Withdrawn status | bill no. | Permanent Location | Current Location | Shelving location | Entry date | Vendor | Cost, normal purchase price | Grants | Currency symbol | Conversion rate | Discount | Discount type |
|---|---|---|---|---|---|---|---|---|---|---|---|---|---|---|---|---|---|---|---|---|---|---|---|
| 26/01/2024 | 620.0092 FUL;1 R | AR1445 | 6295.00 | 26/01/2024 | Arch Books | Dewey Decimal Classification | KLBH/IN/357/2023-24 | Architecture Library | Architecture Library | ARCH | 26/10/2023 | KL Book House | 6295.00 | Design | RS | 1 | Percentage |
